| 000 | 01133cam a22002054a 4500 | ||
|---|---|---|---|
| 005 | 20250605164330.0 | ||
| 008 | 250528s ||||||||||||||||||||||||d | ||
| 035 | _a23182 | ||
| 020 | _a9781446273203 | ||
| 040 |
_aGR-AtMCL _bgre _dGR-AtMCL _eAACR2 |
||
| 245 | 1 | _aIntroduction to Comparative and International Education | |
| 250 | _a1st | ||
| 260 |
_bSage, _c2014 |
||
| 300 | _a226 | ||
| 520 | _aThis book is written in a very accessible style and offers an excellent introduction to the field of comparative and international education. Acknowledgements, Preface, Comparative Education, An Introduction to Comparative Education, How are Comparisons Made?, Culture and Education, Economic and Political and Social and historical Contexts for Comparison, Education and the Developing World, Gender and Education, International Education, Understanding International Education, Globalization and Education, Global Citizenship Education, Multicultural Education, International Schools, Internationalization of Higher Education, Index. | ||
| 700 | 1 |
_aMarshall Jenifer _98761 |
|
| 942 | _cBK | ||
| 999 |
_c8212 _d8212 |
||